Wszystkie miasta województwa lubelskiego - Statystyki

Ogólne statystyki
  • Ten quiz został rozwiązany 20 razy
    5 od ostatniego zresetowania
  • Średni wynik to 25 z 58
Statystyki odpowiedzi
Liczba mieszkańców Nazwa miasta % Poprawnych
54 500 Biała Podlaska
100%
57 200 Chełm
100%
15 900 Hrubieszów
100%
17 700 Łęczna
100%
329 600 Lublin
100%
43 900 Puławy
100%
36 700 Świdnik
100%
17 800 Tomaszów Lubelski
100%
58 200 Zamość
100%
24 800 Biłgoraj
75%
10 900 Janów Lubelski
75%
31 300 Kraśnik
75%
3000 Krasnobród
75%
19 700 Lubartów
75%
27 200 Łuków
75%
7900 Opole Lubelskie
75%
8200 Poniatowa
75%
14 300 Radzyń Podlaski
75%
9000 Ryki
75%
2800 Zwierzyniec
75%
2700 Janów Podlaski
50%
17 400 Krasnystaw
50%
1300 Siedliszcze
50%
4700 Szczebrzeszyn
50%
800 Turobin
50%
12 100 Włodawa
50%
2300 Annopol
25%
4500 Bychawa
25%
1700 Izbica
25%
2300 Józefów
25%
800 Józefów nad Wisłą
25%
3200 Kazimierz Dolny
25%
2900 Kock
25%
2100 Lubycza Królewska
25%
15 400 Międzyrzec Podlaski
25%
1400 Modliborzyce
25%
3600 Nałęczów
25%
10 200 Parczew
25%
2400 Piaski
25%
2100 Piszczac
25%
2000 Rejowiec
25%
4000 Rejowiec Fabryczny
25%
3100 Tarnogród
25%
5100 Terespol
25%
1000 Wąwolnica
25%
5900 Bełżyce
0%
1300 Czemierniki
0%
14 100 Dęblin
0%
1300 Frampol
0%
900 Goraj
0%
1700 Kamionka
0%
2200 Końskowola
0%
2600 Kurów
0%
2000 Łaszczów
0%
2000 Ostrów Lubelski
0%
2400 Stoczek Łukowski
0%
1800 Tyszowce
0%
1700 Urzędów
0%
Nie znaleziono quizów pasujących do podanych kryteriów
Rozkład punktacji
Procent ludzi z każdym wynikiem
Percentyl według liczby udzielonych odpowiedzi
Twoja historia wyników
Nie rozwiązałeś tego quizu od ostatniego zresetowania